Racing Cars
| Main Author: | |
|---|---|
| Format: | Book |
| Published: |
United Kingdom :
Heinemann ,
2003
|
| Series: | Designed for success
|
| Subjects: |
MARC
| LEADER | 00000cam a2200000 7i4500 | ||
|---|---|---|---|
| 001 | 0000005974 | ||
| 005 | 20151222.0 | ||
| 008 | 070814 | ||
| 020 | |a 0431165629 | ||
| 090 | 0 | 0 | |a TRA |b ENG |
| 100 | 1 | |a Graham,Ian | |
| 245 | 0 | 0 | |a Racing Cars |c Ian Graham |
| 260 | |a United Kingdom : |b Heinemann , |c 2003 | ||
| 440 | |a Designed for success | ||
| 500 | |a Children ages 10-12 years old (pink) | ||
| 650 | 0 | |a Automobiles,Racing |x juvenile literature | |
| 999 | |a 0000981987 |b Book |c Children Collection |e Cawangan Bandar Tenggara | ||
| 999 | |a 0000981988 |b Book |c Children Collection |e Cawangan Tmn. Ungku Tun Aminah | ||